Wszyskie odpowiedzi są na - B - Statystyki

Ogólne statystyki
  • Ten quiz został rozwiązany 49 razy
  • Średni wynik to 7 z 12
Statystyki odpowiedzi
Pytanie Odpowiedź % Poprawnych
Jaką nazwę nosi najmniej zasolone morze świata Bałtyk
95%
Kraj w którym leży tor Spa-Francorchamps Belgia
93%
Rzeka tworząca południowo-wschodnią granice Polski Bug
88%
Królowa Polska. … z Sforza Bona
85%
Region z którego wywodzi się firma produkująca samoloty dla III Rzeszy Bawaria
73%
Stolica Jugosławii Belgrad
68%
Budowla obronna wysunięta na przód muru Baszta
63%
35 pierwiastek układu okresowego lub postać z gry Horizon: Zero Dawn Brom
61%
Region z stolicą w Dijon Burgundia
34%
Najwyższa wiedźma mitologii słowiańskiej Baba Jaga
32%
Jaką inną nazwę nosi "Lilak Pospolity" Bez
29%
"Spirit". Następca myślwca "Lancer" B2
12%
Nie znaleziono quizów pasujących do podanych kryteriów
Rozkład punktacji
Procent ludzi z każdym wynikiem
Percentyl według liczby udzielonych odpowiedzi
Twoja historia wyników
Nie rozwiązałeś tego quizu